El arte poética
Salvato in:
| Autore principale: | |
|---|---|
| Altri autori: | |
| Natura: | Libro |
| Lingua: | spagnolo |
| Pubblicazione: |
Madrid
Espasa-Calpe
1979
|
| Edizione: | 6a. ed |
| Serie: | Colección Austral, 803
|
| Soggetti: | |
| Tags: |
Aggiungi Tag
Nessun Tag, puoi essere il primo ad aggiungerne!!
|
MARC
| LEADER | 00000nam a2200000 a 4500 | ||
|---|---|---|---|
| 001 | UCV8200 | ||
| 003 | CL-VaPUC | ||
| 005 | 20241127085249.0 | ||
| 008 | 901024e19790000SP |||||||||||||||||spa|d | ||
| 999 | |c 213750 |d 213748 | ||
| 040 | |c Pontificia Universidad Católica de Valparaíso | ||
| 082 | 0 | 4 | |a 185 |b ARI |2 21 |
| 100 | |a Aristóteles, |d 384 a.C.- 322 a.C. |e author |9 194 | ||
| 245 | 1 | 3 | |a El arte poética |
| 250 | |a 6a. ed | ||
| 260 | |a Madrid |b Espasa-Calpe |c 1979 | ||
| 300 | |a 144 p | ||
| 490 | 0 | |a Colección Austral, 803 | |
| 583 | |a last modification |c 19901024 00:00:00 |k Rodrigo Vera | ||
| 650 | 0 | |a Estética |9 264950 | |
| 700 | 1 | |a Goya y Muniain, José |e traductor |9 863947 | |
| 942 | |c BK |2 ddc | ||
| 945 | |d 19901024 00:00:00 | ||
| 952 | |0 0 |1 0 |4 0 |6 185_000000000000000_ARI_1979 |7 0 |8 A |9 196432 |a BIBARQ |b BIBARQ |d 2019-11-14 |i 2643235 |l 3 |o 185 ARI 1979 |p 2643235 |r 2025-01-20 |s 2022-03-28 |w 2019-11-14 |y BK |k ARQ | ||
| 952 | |0 0 |1 0 |4 0 |6 185_000000000000000_ARI_1979 |7 0 |8 R |9 196433 |a BIBEDU |b BIBEDU |c MCIRC |d 2019-11-14 |i 2643243 |o 185 ARI 1979 |p 2643243 |r 2023-01-13 |w 2019-11-14 |y BK_R |k LIT | ||